| 000 | 01035nam a2200253 i 4500 | ||
|---|---|---|---|
| 003 | EG-ScBUE | ||
| 005 | 20231123123106.0 | ||
| 008 | 100706s1985 xx f 001 0 ara d | ||
| 040 |
_aEG-ScBUE _bara _erda _cEG-ScBUE _dEG-ScBUE |
||
| 082 | 0 | 4 |
_222 _a915.38 _bأ ن ص |
| 100 | 1 |
_915948 _aالأنصاري، عبد القدوس، _d1906 أو 7-1983، _eمؤلف. |
|
| 245 | 1 | 0 |
_aآثار المدينة المنورة / _cتأليف عبد القدوس الأنصاري. |
| 250 | _aالطبعة الرابعة. | ||
| 264 | 1 |
_a[مكان النشر غير محدد] : _b[اسم الناشر غير محدد]، _c1985. |
|
| 300 |
_a320 صفحة : _bإيضاحيات، خرائط ؛ _c24 سم |
||
| 336 |
_2rdacontent _aنص _btxt |
||
| 337 |
_aبدون وسيط _2rdamedia _bn |
||
| 338 |
_aمجلد _bnc _2rdacarrier |
||
| 500 | _aيشتمل علي كشافات. | ||
| 541 |
_aألف باء ؛ _cشراء ؛ |
||
| 650 | 7 |
_aالمدينة المنورة _xمباني عامة. _2BUEsh |
|
| 655 | _vReading book | ||
| 942 |
_2ddc _cBB |
||
| 999 |
_c14394 _d14394 |
||